Tea, coffee, and cocoa : a practical treatise on the analysis of tea, coffee, cocoa, chocolate, maté (Paraguay tea), etc. /

Saved in:
书目详细资料
主要作者: Wanklyn, J. Alfred 1834-1906.
格式: 图书
语言:English
出版: London : Trübner & Co., 1874.
主题:
标签: 添加标签
没有标签, 成为第一个标记此记录!
LEADER 00864nam a2200241I 4500
001 003383473-3
005 20060117204805.0
008 770621s1874 enkd 000 0 eng
010 |a  05025922  
035 0 |a ocm03056799 
040 |a DLC  |c ZXC  |d CLS 
050 0 |a TX541  |b .W24 
100 1 |a Wanklyn, J. Alfred  |q (James Alfred),  |d 1834-1906. 
245 0 0 |a Tea, coffee, and cocoa :  |b a practical treatise on the analysis of tea, coffee, cocoa, chocolate, maté (Paraguay tea), etc. /  |c By J. Alfred Wanklyn. 
260 |a London :  |b Trübner & Co.,  |c 1874. 
300 |a viii, 59 p. :  |b tables ;  |c 19 cm. 
650 0 |a Food  |x Analysis. 
650 0 |a Tea. 
650 0 |a Coffee. 
650 0 |a Cocoa. 
776 0 8 |i Online version:  |a Wanklyn, J. Alfred (James Alfred), 1834-1906.  |t Tea, coffee, and cocoa.  |d London, Trübner, 1874  |w (OCoLC)902936564 
988 |a 20020608 
906 |0 DLC